TF2 Trivia Quiz - Statistics

General Stats
  • This quiz has been taken 169 times
  • The average score is 22 of 37
Answer Stats
Hint Answer % Correct
Russia
90%
Germany
88%
France
87%
Texas
86%
Scotland
83%
New Zealand
82%
Who is the owner of Mann Co.? Saxton Hale
81%
Who is the Scout's real father? The Spy
81%
Where are they from? Boston
79%
Who is the Administrator's assistant? Ms. Pauling
76%
Grey
75%
Natascha
74%
Names of the Heavy's guns? Sasha
74%
What is the name of the Medic's pet dove? Archimedes
72%
What fictional element has life-extending properties and is sought after by the Administrator? Australium
72%
Name of the wizard who seeks revenge on the Soldier after being evicted from his castle? Merasmus
68%
Jane Doe
67%
USA (Midwest)
67%
Blutarch
66%
Names of the Mann brothers? Redmond
66%
Alcoholic beverage that theDemoman is addicted to? Scrumpy
57%
The Scout put his life savings into buying merch of which famous singer? Tom Jones
53%
What town does TF2 take place in? Teufort
52%
Mr. Ludwig
49%
What is the conflict the mercs fight in called? The Gravel Wars
49%
Mikhail
46%
And who was their father? Zepheniah Mann
45%
Dell Conagher
44%
Mun-Dee
40%
Who are the main antagonists in the TF2 comic series? Team Fortress Classic
32%
Who was the first Pyro? Abraham Lincoln
31%
Tavish Degroot
29%
Svetlana
25%
REAL names of all the mercenaries? Jeremy Willis
23%
Oksana
21%
And who is his arch-rival? Charles Darling
20%
Sheila
17%
No matching quizzes found
Score Distribution
Percent of People with Each Score
Percentile by Number Answered
Your Score History
You have not taken this quiz